Naturaleza y vida de la universidad

Spremljeno u:
Bibliografski detalji
Glavni autor: Derisi, Octavio Nicolás (autor)
Format: Knjiga
Jezik:španjolski
Izdano: Buenos Aires El Derecho 1980
Teme:
Oznake: Dodaj oznaku
Bez oznaka, Budi prvi tko označuje ovaj zapis!

MARC

LEADER 00000nam a2200000 a 4500
001 UCJ9235
003 CL-VaPUC
008 070309e19800000AG |||||||||||||||||spa|d
082 0 4 |a 378.001  |b DER  |2 21 
100 |a Derisi, Octavio Nicolás  |e autor  |9 378207 
245 1 0 |a Naturaleza y vida de la universidad 
300 |a 291 p 
942 |c BK 
945 |d 20070309 00:00:00  |a jtorresc 
260 |a Buenos Aires  |b El Derecho  |c 1980 
500 |a Donación del Dr. Luis Gómez Macker  
650 0 |a Universidades  |9 256317 
650 0 |a Filosofía de la educación   |9 258384 
650 0 |a Planificación de la educación   |9 307333 
650 0 |a Humanismo  |9 256530 
650 0 |a Formación profesional de profesores  |9 307493 
583 |a last modification  |c 20070309 00:00:00  |k Rodrigo Vera 
999 |c 324821  |d 324819 
952 |0 0  |1 0  |4 0  |6 378_001000000000000_DER_1980  |7 0  |8 A  |9 405188  |a FDOPOS  |b FDOPOS  |d 2019-11-22  |i 4270614  |o 378.001 DER 1980  |p 4270614  |r 2025-01-22  |w 2019-11-22  |y BK  |k MLA